Estadísticas para campeones copa libertadores

Haz click aquí para intentar la prueba.

Estadísticas generales

  • Esta prueba ha sido intentada 94 veces
  • La puntuación promedio es 57 de 63

Estadísticas de respuestas

HintRespuesta% Correcto
1978boca juniors
100%
2007boca juniors
100%
2000boca juniors
100%
2001boca juniors
100%
1977boca juniors
100%
2003boca juniors
100%
2015river plate
99%
2018river plate
99%
1986river plate
99%
1996river plate
99%
1965independiente
98%
1964independiente
98%
1984independiente
98%
1972independiente
98%
1973independiente
98%
1974independiente
98%
1975independiente
98%
2022flamengo
96%
2019flamengo
96%
1981flamengo
96%
1961peñarol
96%
1987peñarol
96%
1960peñarol
96%
1982peñarol
96%
1966peñarol
96%
1967racing
96%
2021palmeiras
95%
2020palmeiras
95%
1999palmeiras
95%
2012Corinthians
94%
1980nacional
94%
1988nacional
94%
1971nacional
94%
2011santos
94%
1962santos
94%
1963santos
94%
1989atletico nacional
91%
2016atletico nacional
91%
1991colo colo
89%
2014san lorenzo
89%
2017gremio
87%
1983gremio
87%
1995gremio
87%
2002olimpia
87%
1979olimpia
87%
1990olimpia
87%
2009estudiantes de la plata
85%
1969estudiantes de la plata
85%
1968estudiantes de la plata
85%
1970estudiantes de la plata
85%
1993sao paulo
84%
1992sao paulo
84%
2005sao paulo
84%
2013atletico mineiro
80%
2004once caldas
79%
2010internacional
78%
2006internacional
78%
1985argentinos juniors
77%
2008liga de quito
77%
1994Vélez Sarsfield
76%
1976cruzeiro
74%
1997cruzeiro
74%
1998Vasco da Gama
66%

Distribución de puntuación

Porcentaje por número respondido

Porcentaje de gente con cada puntuación

Historial de tus puntuaciones

No has intentado esta prueba.